| 000 | 00771nam a22001577a 4500 | ||
|---|---|---|---|
| 003 | OSt | ||
| 005 | 20151002145338.0 | ||
| 008 | 151002b xxu||||| |||| 00| 0 eng d | ||
| 040 | _cRUA | ||
| 082 | _aAGR NGE 2012 B050 Or.1 | ||
| 100 |
_91777 _aNGET, RABY |
||
| 245 | _aComparison between direct seeding mulch based cropping system and traditonal practice on soil physical and chemical province, ប្រៀបធៀបប្រព័ន្ធដាំដុះដំណាំគម្របដី និងការដាំដុះតាមទម្លាប់ទៅលើលក្ខណៈរូបសាស្រ្ត និងគីមីសាស្ត្រនៃដី | ||
| 260 |
_aPhnom Penh _bRUA _c2012 |
||
| 300 |
_axi; 46p. _bill. _c29cm. |
||
| 942 |
_2ddc _cAGR |
||
| 999 |
_c1679 _d1679 |
||